ბათუმის შოთა რუსთაველის სახელმწიფო უნივერსიტეტის ბიბლიოთეკა

ხალხური სიტყვიერება:ლექსები,თამაშობანი,გამოცანები,ენის გასატეხი,ზღაპრები. (ბიბ.ჩანაწერი № 44039)

000 -LEADER
fixed length control field 01295nam a2200205Ia 4500
001 - CONTROL NUMBER
control field 10791
003 - CONTROL NUMBER IDENTIFIER
control field GE_BSU
008 - FIXED-LENGTH DATA ELEMENTS--GENERAL INFORMATION
fixed length control field 181216s||||||||xx |||||||||||||| ||und||
040 ## - CATALOGING SOURCE
Transcribing agency GE_BSU
080 ## - UNIVERSAL DECIMAL CLASSIFICATION NUMBER
Universal Decimal Classification number 82-93:821.353.1-91-1+398.2(479.22)
245 ## - TITLE STATEMENT
Title ხალხური სიტყვიერება:ლექსები,თამაშობანი,გამოცანები,ენის გასატეხი,ზღაპრები.
245 ## - TITLE STATEMENT
Statement of responsibility, etc. კრებული შეადგინეს,წინასიტყვ. და შენიშვნ.დაურთეს:ქს.სიხარულიძემ და ზ.ზანდუკელმა;სარედ.კოლეგია:ნოდარ ალანია და სხვ;რედ.მ.ზუბადალაშვილი;მხატვ.ი.დივნოგორცევა-გრიგოლია.
260 ## - PUBLICATION, DISTRIBUTION, ETC.
Place of publication, distribution, etc. თბილისი.
260 ## - PUBLICATION, DISTRIBUTION, ETC.
Name of publisher, distributor, etc. ნაკადული.
260 ## - PUBLICATION, DISTRIBUTION, ETC.
Date of publication, distribution, etc. 1972.
300 ## - PHYSICAL DESCRIPTION
Extent 184გვ;20სმ.
653 ## - INDEX TERM--UNCONTROLLED
Uncontrolled term ხალხური სიტყვიერება:ლექსები,თამაშობანი,გამოცანები,ენის გასატეხი,ზღაპრები.
942 ## - ADDED ENTRY ELEMENTS (KOHA)
Koha item type წიგნი
ეგზემპლარები
Withdrawn status Lost status Damaged status Not for loan Date acquired Barcode Date last seen Price effective from Koha item type
        2018-12-17 35293 2018-12-17 2018-12-17 წიგნი